[Event "Chigorin Memorial"]
[Site "St Petersburg"]
[Date "2015.10.08"]
[Round "6.59"]
[White "Obgolts, Erik"]
[Black "Ovod, Evgenija"]
[Result "0-1"]
[WhiteElo "2184"]
[BlackElo "2328"]
[PlyCount "140"]
[EventDate "2015.10.03"]
[EventRounds "9"]
[EventCountry "RUS"]

1. e4 c5 2. Nf3 e6 3. b3 b6 4. Bb2 Bb7 5. Nc3 a6 6. Bd3 d6 7. O-O Nd7 8. Ne2
Ngf6 9. Ng3 Be7 10. Qe2 O-O 11. c4 Qc7 12. a4 Ne8 13. e5 d5 14. a5 bxa5 15. Bc3
d4 16. Bxa5 Qb8 17. Be4 Ra7 18. d3 g6 19. Bd2 Ng7 20. Rfb1 Bc8 21. Bf4 a5 22.
h4 Bd8 23. h5 Bc7 24. Bc6 Qb6 25. Ba4 f5 26. hxg6 hxg6 27. Re1 Bd8 28. Ng5 Be7
29. Qd2 Rd8 30. Nf3 Nf8 31. Bg5 Qc7 32. Bf6 Nh7 33. Bxe7 Qxe7 34. Qh6 g5 35.
Qg6 g4 36. Nd2 Qh4 37. Ne2 Nf8 38. Qf6 Qxf6 39. exf6 Nh5 40. Bb5 Kf7 41. Ra4 e5
42. Rea1 Bb7 43. Rxa5 Rxa5 44. Rxa5 Ra8 45. Rxa8 Bxa8 46. f3 gxf3 47. gxf3 Ng6
48. Kf2 Ngf4 49. Nc1 Nxf6 50. Kg3 Ke6 51. Ba6 Kd7 52. Kh4 Ne6 53. Bb5+ Kd6 54.
Kg3 Bb7 55. Ne2 Nh5+ 56. Kf2 Nhf4 57. Nc1 Nc7 58. Kg3 Ba6 59. Ba4 Bc8 60. Nb1
Na6 61. Na3 Nb4 62. Nb5+ Ke7 63. Nc7 Bb7 64. Kf2 Nbxd3+ 65. Nxd3 Nxd3+ 66. Ke2
e4 67. fxe4 fxe4 68. Nb5 Nf4+ 69. Ke1 e3 70. b4 Bf3 0-1

[Event "Chigorin Memorial"]
[Site "St Petersburg"]
[Date "2015.10.08"]
[Round "6.60"]
[White "Esenov, Annaberdi"]
[Black "Basencyan, Mark"]
[Result "1-0"]
[WhiteElo "2323"]
[BlackElo "2187"]
[PlyCount "85"]
[EventDate "2015.10.03"]
[EventRounds "9"]
[EventCountry "RUS"]

1. e4 e5 2. Nf3 Nf6 3. Nxe5 d6 4. Nf3 Nxe4 5. d4 d5 6. Bd3 Be7 7. O-O Nc6 8. c4
Nb4 9. Be2 O-O 10. a3 Nc6 11. cxd5 Qxd5 12. Nc3 Nxc3 13. bxc3 Bf5 14. c4 Qd6
15. d5 Ne5 16. Nd4 Bd7 17. f4 Ng6 18. Rb1 Rab8 19. Qd3 Rfe8 20. Nb5 Qb6+ 21.
Kh1 Bf6 22. f5 Nf8 23. Bf4 Be5 24. Be3 c5 25. Nc3 Qc7 26. Ne4 b6 27. d6 Qc8 28.
Ng5 Bc6 29. Bh5 Rb7 30. Bf4 Qd8 31. Ne6 Nxe6 32. Bxe5 Qg5 33. Bf3 Nd8 34. Bf4
Qf6 35. Rbe1 Rf8 36. Bxc6 Nxc6 37. Qd5 Nd8 38. Be5 Qg5 39. Rf3 Re8 40. Rg3 Qh6
41. Rd1 g6 42. d7 Rf8 43. fxg6 1-0

[Event "Chigorin Memorial"]
[Site "St Petersburg"]
[Date "2015.10.08"]
[Round "6.61"]
[White "Schekachikhin, Maksim"]
[Black "Dilmukhametov, Artur"]
[Result "0-1"]
[WhiteElo "2320"]
[BlackElo "2187"]
[PlyCount "100"]
[EventDate "2015.10.03"]
[EventRounds "9"]
[EventCountry "RUS"]

1. d4 d5 2. c4 c6 3. Nc3 e5 4. cxd5 cxd5 5. dxe5 d4 6. Ne4 Qa5+ 7. Nd2 Nc6 8.
Ngf3 Bg4 9. a3 Nxe5 10. Nxe5 Qxe5 11. h3 Be6 12. Nf3 Qa5+ 13. Bd2 Qb6 14. Qa4+
Bd7 15. Qxd4 Bc5 16. Qe5+ Ne7 17. e3 O-O 18. b4 Bd6 19. Qd4 Qc7 20. Rc1 Nc6 21.
Qh4 Bf5 22. Be2 a5 23. b5 Bxa3 24. bxc6 Bxc1 25. Bxc1 Qxc6 26. O-O Qc3 27. Nd4
Bg6 28. f4 Bd3 29. Bxd3 Qxd3 30. Qg5 h6 31. Qg4 f5 32. Qf3 a4 33. Ne6 Rf7 34.
Rd1 Qb3 35. Nd4 Qc4 36. Ba3 Re8 37. Rc1 Qd3 38. Bb4 Rd7 39. Kf2 Rxd4 40. exd4
Qxd4+ 41. Kf1 Qxb4 42. Qd5+ Kh8 43. Qxf5 a3 44. Kg1 Qd4+ 45. Kh2 Qf6 46. Qg4 a2
47. Rc8 Rf8 48. Rxf8+ Qxf8 49. Qd1 Qxf4+ 50. Kh1 Qf6 0-1

[Event "Chigorin Memorial"]
[Site "St Petersburg"]
[Date "2015.10.08"]
[Round "6.62"]
[White "Tugarin, Anton"]
[Black "Gurvich, Vitaly"]
[Result "1/2-1/2"]
[WhiteElo "2177"]
[BlackElo "2315"]
[PlyCount "101"]
[EventDate "2015.10.03"]
[EventRounds "9"]
[EventCountry "RUS"]

1. Nf3 Nf6 2. c4 g6 3. Nc3 d5 4. cxd5 Nxd5 5. Qb3 Nb6 6. d4 Bg7 7. e4 O-O 8.
Be3 Bg4 9. Rd1 Nc6 10. d5 Ne5 11. Be2 Nxf3+ 12. gxf3 Bd7 13. h4 Qe8 14. Nb5
Bxb5 15. Bxb5 c6 16. dxc6 bxc6 17. Be2 Qb8 18. Bd4 Bxd4 19. Rxd4 Qe5 20. Qc3
Rad8 21. Rd3 Qf4 22. Qd2 Qxd2+ 23. Rxd2 e5 24. Rc2 Rd6 25. O-O Rfd8 26. Rfc1
Rd2 27. Kf1 Rxc2 28. Rxc2 Rd6 29. Ke1 f6 30. b3 Kf7 31. Rc5 Ke7 32. Bf1 Kd8 33.
Ra5 Rd7 34. Bh3 Rc7 35. Rc5 Ke7 36. Kd2 Kd6 37. Rc1 c5 38. Bf1 Rc8 39. Ke3 a5
40. a4 f5 41. f4 exf4+ 42. Kxf4 fxe4 43. Rd1+ Ke7 44. Kxe4 c4 45. bxc4 Nxc4 46.
Rd5 Nd6+ 47. Ke3 Rc3+ 48. Kf4 Rc1 49. Be2 Rc2 50. Ke3 Rc3+ 51. Kf4 1/2-1/2

[Event "Chigorin Memorial"]
[Site "St Petersburg"]
[Date "2015.10.08"]
[Round "6.63"]
[White "Galaktionov, Artem"]
[Black "Zhurikhin, Alexander"]
[Result "1/2-1/2"]
[WhiteElo "2174"]
[BlackElo "2309"]
[PlyCount "192"]
[EventDate "2015.10.03"]
[EventRounds "9"]
[EventCountry "RUS"]

1. d4 f5 2. Nf3 Nf6 3. c4 g6 4. g3 Bg7 5. Bg2 O-O 6. O-O d6 7. Nc3 c6 8. Rb1 a5
9. a3 Ne4 10. Qc2 Na6 11. Be3 Nxc3 12. Qxc3 Qc7 13. c5 Nxc5 14. Qc2 Ne6 15. Qb3
a4 16. Qa2 d5 17. Rbc1 Qd6 18. Rcd1 f4 19. Bc1 g5 20. e4 g4 21. e5 Qd8 22. Nh4
f3 23. Bh1 c5 24. dxc5 Nxc5 25. Qxd5+ Qxd5 26. Rxd5 b6 27. Bg5 Be6 28. Rdd1 Kf7
29. h3 h5 30. Nxf3 gxf3 31. Bxf3 Bxh3 32. Bxa8 Bxf1 33. Bd5+ e6 34. Kxf1 exd5
35. Rxd5 Ke6 36. Rd6+ Kf5 37. Bh6 Bxh6 38. Rxh6 Rb8 39. Rxh5+ Ke4 40. Ke2 Kd4
41. Rh4+ Kxe5 42. Ke3 Kd5 43. Rd4+ Kc6 44. f4 Re8+ 45. Kf3 Re1 46. Rd2 Rf1+ 47.
Kg2 Rb1 48. f5 Ne4 49. Re2 Kd5 50. g4 Kd4 51. Kf3 Rf1+ 52. Kg2 Rf4 53. Kh3 Kd3
54. Rg2 Rf1 55. Kh2 Ke3 56. g5 Rxf5 57. g6 Rh5+ 58. Kg1 Rh8 59. g7 Rg8 60. Kf1
Kd4 61. Ke1 b5 62. Kd1 Nf6 63. Rg3 Kc4 64. Kc2 Ne8 65. Rc3+ Kd4 66. Rc8 Nf6 67.
Rf8 Rxg7 68. Rxf6 Rg2+ 69. Kb1 Rg4 70. Ka2 Kc4 71. Rc6+ Kd5 72. Rc1 Rg2 73. Rc8
Rg4 74. Rc1 Re4 75. Rd1+ Kc5 76. Rd8 Rh4 77. Rc8+ Kb6 78. Rc2 Rh5 79. Rc3 Rc5
80. Re3 Kc6 81. Re6+ Kd5 82. Rh6 Rc1 83. Rh5+ Kc6 84. Rh6+ Kc5 85. Rh5+ Kb6 86.
Rh6+ Rc6 87. Rxc6+ Kxc6 88. b3 Kc5 89. bxa4 bxa4 90. Kb2 Kd4 91. Kb1 Kc3 92.
Ka1 Kb3 93. Kb1 Kxa3 94. Ka1 Kb3 95. Kb1 a3 96. Ka1 a2 1/2-1/2

[Event "Chigorin Memorial"]
[Site "St Petersburg"]
[Date "2015.10.08"]
[Round "6.64"]
[White "Vorobjev, Dmitry"]
[Black "Shchukin, Dmitry"]
[Result "0-1"]
[WhiteElo "2163"]
[BlackElo "2299"]
[PlyCount "52"]
[EventDate "2015.10.03"]
[EventRounds "9"]
[EventCountry "RUS"]

1. c4 g6 2. Nf3 Bg7 3. g3 c5 4. Bg2 Nc6 5. O-O e6 6. Nc3 Nge7 7. d4 Nxd4 8.
Nxd4 cxd4 9. Nb5 O-O 10. Nxd4 d5 11. cxd5 Nxd5 12. Nb3 a5 13. Rb1 a4 14. Nc5
Qb6 15. Qc2 Qc6 16. e4 Nc7 17. e5 Nd5 18. Bxd5 exd5 19. Qc3 d4 20. Qxd4 Bh3 21.
Ne4 Rad8 22. Qe3 Bxf1 23. Kxf1 Rd1+ 24. Kg2 Bxe5 25. f3 Qc2+ 26. Nf2 Bd4 0-1

[Event "Chigorin Memorial"]
[Site "St Petersburg"]
[Date "2015.10.08"]
[Round "6.65"]
[White "Chekletsov, Ilya"]
[Black "Pyatin, Alexander"]
[Result "1/2-1/2"]
[WhiteElo "2299"]
[BlackElo "2175"]
[PlyCount "82"]
[EventDate "2015.10.03"]
[EventRounds "9"]
[EventCountry "RUS"]

1. e4 Nf6 2. e5 Nd5 3. c4 Nb6 4. d4 d6 5. exd6 exd6 6. Nc3 Be7 7. Qf3 Nc6 8.
Be3 O-O 9. O-O-O Bg5 10. h4 Bxe3+ 11. fxe3 Be6 12. b3 a5 13. c5 Nd7 14. Qf4 d5
15. g4 b6 16. cxb6 Nxb6 17. Bb5 Na7 18. Bd3 Qe7 19. Nge2 a4 20. Kd2 axb3 21.
axb3 c5 22. dxc5 Qxc5 23. Rc1 Rac8 24. Ba6 Rcd8 25. Bd3 Nc4+ 26. Ke1 Nxe3 27.
Rg1 d4 28. Ne4 Qa5+ 29. Nd2 Qd5 30. Kf2 Qd6 31. Qxd6 Rxd6 32. Rc7 Nc8 33. Nc4
Nxc4 34. bxc4 Rfd8 35. c5 R6d7 36. Rxd7 Rxd7 37. g5 Ne7 38. Rb1 Rc7 39. Rb8+
Bc8 40. Nxd4 Rxc5 41. Bb5 Kf8 1/2-1/2

[Event "Chigorin Memorial"]
[Site "St Petersburg"]
[Date "2015.10.08"]
[Round "6.67"]
[White "Opanasenko, Mikhail"]
[Black "Mishuchkov, Nikolai M"]
[Result "0-1"]
[WhiteElo "2153"]
[BlackElo "2295"]
[PlyCount "130"]
[EventDate "2015.10.03"]
[EventRounds "9"]
[EventCountry "RUS"]

1. d4 d6 2. Nf3 Nf6 3. c4 g6 4. Nc3 Bg4 5. e4 Bxf3 6. Qxf3 Nc6 7. Be3 Bg7 8.
Rd1 Nd7 9. d5 Nb4 10. Qe2 c6 11. Bd4 Bxd4 12. Rxd4 Qb6 13. Rd2 cxd5 14. cxd5
Rc8 15. Qg4 Kd8 16. Be2 Ne5 17. Qf4 h5 18. O-O Kc7 19. a3 Na6 20. b4 Kb8 21.
Na4 Qd8 22. Bxa6 bxa6 23. Nc5 g5 24. Qf5 Qb6 25. Rdd1 f6 26. Qxe5 fxe5 27. Nd7+
Kb7 28. Nxb6 axb6 29. Rc1 b5 30. f3 h4 31. g3 Kb6 32. Kg2 Rc4 33. gxh4 gxh4 34.
Rxc4 bxc4 35. Rc1 Kb5 36. Kh3 a5 37. bxa5 Kc5 38. Kg4 h3 39. Kf5 Rf8+ 40. Ke6
Rxf3 41. Ra1 Rb3 42. a6 Rb6 43. Rb1 Rxa6 44. Rb7 Kd4 45. Rc7 Kxe4 46. Rxc4+ Kd3
47. Rh4 e4 48. Rxh3+ e3 49. Kxe7 Kd2 50. Rg3 e2 51. Rg1 e1=Q+ 52. Rxe1 Kxe1 53.
h4 Ke2 54. h5 Kd3 55. h6 Kd4 56. h7 Ra7+ 57. Kxd6 Rxh7 58. Kc6 Rh6+ 59. d6 Ke5
60. a4 Rxd6+ 61. Kb5 Rd1 62. a5 Kd6 63. Kb6 Rb1+ 64. Ka7 Kc7 65. a6 Rb6 0-1

[Event "Chigorin Memorial"]
[Site "St Petersburg"]
[Date "2015.10.08"]
[Round "6.68"]
[White "Artamonov, Valery"]
[Black "Tsirulnik, Maritsa"]
[Result "1-0"]
[WhiteElo "2287"]
[BlackElo "2153"]
[PlyCount "75"]
[EventDate "2015.10.03"]
[EventRounds "9"]
[EventCountry "RUS"]

1. c4 e6 2. g3 d5 3. Nf3 g6 4. Bg2 Bg7 5. O-O Ne7 6. Na3 O-O 7. Rb1 c5 8. b3 d4
9. d3 Nbc6 10. Nc2 a5 11. a3 Rb8 12. b4 axb4 13. axb4 cxb4 14. Nxb4 Nxb4 15.
Rxb4 Nc6 16. Rb5 Qc7 17. Ba3 Rd8 18. Qc2 b6 19. Rfb1 Na7 20. R5b2 Bd7 21. Nd2
f5 22. Qb3 Be5 23. Rc2 Kg7 24. Nf3 Bf6 25. Bc1 h6 26. Ra1 Nc6 27. Bd2 e5 28.
Ne1 Be7 29. Rca2 Qd6 30. Nc2 Qe6 31. Bd5 Qf6 32. Ra6 Bc5 33. Nb4 Na5 34. Qb2
Bc8 35. R1xa5 bxa5 36. Bxh6+ Kxh6 37. Rxf6 Kg5 38. Rf7 1-0

[Event "Chigorin Memorial"]
[Site "St Petersburg"]
[Date "2015.10.08"]
[Round "6.69"]
[White "Mrykhin, Igor"]
[Black "Isakov, Andrey"]
[Result "1-0"]
[WhiteElo "2146"]
[BlackElo "2286"]
[PlyCount "123"]
[EventDate "2015.10.03"]
[EventRounds "9"]
[EventCountry "RUS"]

1. Nf3 Nf6 2. b4 g6 3. Bb2 Bg7 4. e3 O-O 5. Be2 d6 6. O-O e5 7. d3 Re8 8. c4 c6
9. Nbd2 Nbd7 10. Qc2 h6 11. Rfc1 g5 12. Ne4 Nf8 13. c5 Nxe4 14. dxe4 dxc5 15.
bxc5 Qa5 16. a4 Bg4 17. h3 Bxf3 18. Bxf3 Rad8 19. Qc4 Ne6 20. Ba3 Bf8 21. Bb4
Qa6 22. Qxa6 bxa6 23. Rc4 Rd3 24. Rac1 Rb3 25. Bd1 Rd3 26. Kf1 Rb8 27. Ke2 Rd7
28. Bc2 Rdb7 29. Ba3 a5 30. Rd1 Be7 31. g3 Kf8 32. Rf1 Rd7 33. Rd1 Rxd1 34.
Kxd1 Ke8 35. Kc1 Rb7 36. Bd1 Rb8 37. Kc2 Nc7 38. Bh5 Na6 39. f4 Nb4+ 40. Kd2
Rd8+ 41. Ke2 gxf4 42. exf4 Rd4 43. Rxd4 exd4 44. e5 Kf8 45. f5 f6 46. exf6 Bxf6
47. Bc1 Kg7 48. Bf4 Nd5 49. Bd6 Nc3+ 50. Kd2 Nxa4 51. Bf3 Nb2 52. Bxc6 Nc4+ 53.
Ke2 Nxd6 54. cxd6 Be5 55. d7 Bc7 56. Kd3 Bb6 57. g4 Kf6 58. Ke4 h5 59. gxh5 d3
60. h6 d2 61. Ba4 Bd8 62. Kd5 1-0

[Event "Chigorin Memorial"]
[Site "St Petersburg"]
[Date "2015.10.08"]
[Round "6.70"]
[White "Elistratov, Semen"]
[Black "Khusenkhojaev, Mustafokhuja"]
[Result "1/2-1/2"]
[WhiteElo "2283"]
[BlackElo "2092"]
[PlyCount "110"]
[EventDate "2015.10.03"]
[EventRounds "9"]
[EventCountry "RUS"]

1. e4 e5 2. Nf3 Nc6 3. Bb5 a6 4. Ba4 Nf6 5. O-O Nxe4 6. d4 exd4 7. Re1 d5 8.
Nbd2 Be7 9. Nxd4 Bd7 10. Nxc6 Bxc6 11. Bxc6+ bxc6 12. Nxe4 dxe4 13. Qg4 O-O 14.
Qxe4 Bd6 15. Qxc6 Qf6 16. Qa4 Rab8 17. c3 Rb5 18. Qg4 Re5 19. Bd2 Rfe8 20. Rxe5
Qxe5 21. g3 h5 22. Qa4 Rb8 23. Bf4 Qe2 24. Bxd6 Qxb2 25. Rd1 cxd6 26. Qxa6 Qxc3
27. Qxd6 Rb2 28. a4 g6 29. Qd8+ Kh7 30. Qd5 Qf6 31. Rf1 Rb4 32. a5 Rd4 33. Qb7
Ra4 34. Qb5 Ra2 35. h4 Qf5 36. Qxf5 gxf5 37. Rb1 Rxa5 38. Rb6 Kg7 39. Kg2 Ra3
40. Rb5 Kg6 41. Rb6+ Kg7 42. Rb5 Kg6 43. Re5 Rb3 44. Ra5 Rc3 45. Ra4 Rb3 46.
Rf4 Ra3 47. Rf3 Ra4 48. Rb3 Ra6 49. Kf3 Rc6 50. Rb4 Rc3+ 51. Kf4 Rc6 52. Ra4
Rb6 53. f3 Rc6 54. Rd4 Rb6 55. Ke5 Re6+ 1/2-1/2

[Event "Chigorin Memorial"]
[Site "St Petersburg"]
[Date "2015.10.08"]
[Round "6.71"]
[White "Kopylov, Yuriy"]
[Black "Leontiev, Aleksandr V"]
[Result "0-1"]
[WhiteElo "2088"]
[BlackElo "2281"]
[PlyCount "48"]
[EventDate "2015.10.03"]
[EventRounds "9"]
[EventCountry "RUS"]

1. e4 Nf6 2. e5 Nd5 3. c4 Nb6 4. c5 Nd5 5. Bc4 e6 6. d4 d6 7. cxd6 cxd6 8. Qe2
Nc6 9. Nf3 dxe5 10. dxe5 Na5 11. Bb5+ Bd7 12. O-O a6 13. Bxd7+ Qxd7 14. Bd2 Qb5
15. Qe4 Be7 16. Nc3 Nxc3 17. Bxc3 O-O 18. Bxa5 Qxa5 19. Qxb7 Bc5 20. Qe4 h6 21.
a3 Rad8 22. b4 Qa4 23. Rfc1 Ba7 24. Qc6 Rd1+ 0-1

[Event "Chigorin Memorial"]
[Site "St Petersburg"]
[Date "2015.10.08"]
[Round "6.72"]
[White "Egorov, Daniil"]
[Black "Karpenko, Artem"]
[Result "1-0"]
[WhiteElo "2064"]
[BlackElo "2274"]
[PlyCount "153"]
[EventDate "2015.10.03"]
[EventRounds "9"]
[EventCountry "RUS"]

1. e4 e5 2. Nf3 Nc6 3. Bb5 a6 4. Ba4 Nf6 5. O-O Be7 6. Re1 b5 7. Bb3 d6 8. a4
Bg4 9. c3 O-O 10. h3 Bh5 11. d3 Na5 12. Ba2 b4 13. Nbd2 Rb8 14. Nc4 c5 15. Ne3
Re8 16. Nd5 b3 17. Bb1 Nxd5 18. exd5 f5 19. Be3 Bf6 20. Qc1 Rb7 21. Nh2 Rf7 22.
f3 Bh4 23. Bf2 Bxf2+ 24. Kxf2 Qh4+ 25. Kg1 Rf6 26. Qd2 Bf7 27. c4 Qd4+ 28. Qf2
Qxf2+ 29. Kxf2 Rb8 30. Nf1 Be8 31. Nd2 Rf7 32. f4 exf4 33. Re6 Rd7 34. d4 cxd4
35. Bxf5 Rdd8 36. Bd3 Rb7 37. Re4 Rb4 38. Rxd4 Nb7 39. Rxf4 Nc5 40. Be2 Rxa4
41. Rxa4 Bxa4 42. Ne4 Nb7 43. Ke3 Be8 44. Bg4 Bg6 45. Be6+ Kh8 46. Bf5 Bxf5 47.
Rxf5 Kg8 48. Kd4 a5 49. Rf3 a4 50. Rf1 Re8 51. Ra1 h6 52. Re1 Kf7 53. Rf1+ Kg8
54. g4 Re7 55. h4 Re8 56. g5 hxg5 57. hxg5 Kh7 58. Rf7 Rb8 59. Nc3 Nc5 60. Ra7
Kg6 61. Nxa4 Nxa4 62. Rxa4 Kxg5 63. Ra6 Rd8 64. Rb6 Kf4 65. Rxb3 g5 66. Rb7 Rf8
67. Rd7 Rf6 68. b4 g4 69. c5 g3 70. c6 Rg6 71. Rf7+ Kg4 72. Rf1 g2 73. Rg1 Kf3
74. c7 Rg4+ 75. Kd3 Rg8 76. b5 Rc8 77. b6 1-0

[Event "Chigorin Memorial"]
[Site "St Petersburg"]
[Date "2015.10.08"]
[Round "6.73"]
[White "Hakobyan, Hovhannes H"]
[Black "Melnikov, Dmitry"]
[Result "1-0"]
[WhiteElo "2043"]
[BlackElo "2272"]
[PlyCount "133"]
[EventDate "2015.10.03"]
[EventRounds "9"]
[EventCountry "RUS"]

1. e4 c6 2. d4 Na6 3. Nc3 Nc7 4. Nf3 g6 5. e5 Bg7 6. Bd3 d5 7. h3 h5 8. O-O Nh6
9. Ne2 Bf5 10. Re1 Qd7 11. c4 Bxd3 12. Qxd3 dxc4 13. Qxc4 O-O 14. Bg5 Ne6 15.
Rad1 Rfd8 16. Nc3 Nxg5 17. Nxg5 e6 18. Re3 Qe7 19. Nge4 Kh7 20. g3 Rac8 21. b4
Rc7 22. a4 b6 23. Red3 Rcd7 24. Nd6 Nf5 25. Nce4 Nxd6 26. exd6 Rxd6 27. Nxd6
Rxd6 28. b5 Qd7 29. bxc6 Rxc6 30. Qb5 Qd5 31. Qxd5 exd5 32. Rb3 Rc4 33. a5 bxa5
34. Rb5 Rxd4 35. Rxd4 Bxd4 36. Rxd5 Bc3 37. Rd6 a6 38. Kf1 Bb4 39. Rxa6 Kh6 40.
Ke2 Kg5 41. f4+ Kh6 42. Kf3 Be1 43. g4 hxg4+ 44. hxg4 Bd2 45. Rd6 Bb4 46. Rd7
Kg7 47. Ke4 Kf6 48. Ra7 Bd2 49. Ra6+ Ke7 50. f5 gxf5+ 51. Kxf5 Bc3 52. Ra7+ Ke8
53. Kg5 Bd2+ 54. Kf5 Bc3 55. Rc7 Bd4 56. Rc4 Bb6 57. Kf6 Bd8+ 58. Kg7 Be7 59.
Rf4 f6 60. Rd4 Ba3 61. Re4+ Be7 62. Kg8 Kd7 63. Kf7 Bd8 64. Rd4+ Kc8 65. Ke6
Kc7 66. Rd5 Kc8 67. Kf7 1-0

[Event "Chigorin Memorial"]
[Site "St Petersburg"]
[Date "2015.10.08"]
[Round "6.74"]
[White "Ageichenko, Genadi A"]
[Black "Muhtarov, Leonid"]
[Result "0-1"]
[WhiteElo "2257"]
[BlackElo "2060"]
[PlyCount "94"]
[EventDate "2015.10.03"]
[EventRounds "9"]
[EventCountry "RUS"]

1. e4 c5 2. Nf3 Nc6 3. d4 cxd4 4. Nxd4 Nf6 5. Nc3 d6 6. Bg5 e6 7. Qd2 Be7 8.
O-O-O O-O 9. f3 a6 10. h4 Nxd4 11. Qxd4 Qa5 12. Kb1 b5 13. e5 dxe5 14. Qxe5 Bb7
15. Bd3 Rac8 16. Ne4 Bxe4 17. fxe4 Rfd8 18. Qf4 Rd4 19. Qf3 Ra4 20. Bd2 Bb4 21.
Bxb4 Qxb4 22. c3 Qa5 23. a3 Rxc3 24. Rc1 Rxc1+ 25. Rxc1 Qd8 26. g4 Nxg4 27. Bc2
Ne5 28. Qg3 f6 29. Bxa4 bxa4 30. Qc3 h5 31. Qc8 Qxc8 32. Rxc8+ Kh7 33. Kc2 g5
34. hxg5 fxg5 35. Kd2 h4 36. Ke2 Kg6 37. Re8 Kf6 38. Rh8 Ng6 39. Ra8 g4 40. Kf2
Nf4 41. Rg8 g3+ 42. Kf3 e5 43. Rf8+ Kg7 44. Rf5 g2 45. Kf2 h3 46. Rg5+ Kf6 47.
Rf5+ Ke6 0-1

[Event "Chigorin Memorial"]
[Site "St Petersburg"]
[Date "2015.10.08"]
[Round "6.75"]
[White "Grigorjev, Iljya"]
[Black "Stepanov, Andrey"]
[Result "1/2-1/2"]
[WhiteElo "2254"]
[BlackElo "1980"]
[PlyCount "88"]
[EventDate "2015.10.03"]
[EventRounds "9"]
[EventCountry "RUS"]

1. e4 c5 2. Nf3 d6 3. d4 cxd4 4. Nxd4 Nf6 5. Nc3 Nc6 6. f3 e5 7. Nb3 Be7 8. Be3
O-O 9. Qd2 a5 10. Bb5 Na7 11. Bd3 Be6 12. O-O Nc8 13. Rad1 Nb6 14. Qf2 Nc4 15.
Bxc4 Bxc4 16. Rfe1 Qc8 17. Nc1 b5 18. Rd2 Qc6 19. Red1 b4 20. Nd5 Bxd5 21. exd5
Qb7 22. Ne2 Bd8 23. c4 Nd7 24. Rc2 Rc8 25. Nc1 Bb6 26. b3 Bxe3 27. Qxe3 Nc5 28.
Nd3 f5 29. Nxc5 Rxc5 30. f4 e4 31. Qd4 g6 32. Kf2 Qg7 33. Qxg7+ Kxg7 34. a3 Rb8
35. Ra1 a4 36. bxa4 bxa3 37. Rxa3 Ra5 38. Rac3 Rxa4 39. c5 Rd4 40. cxd6 Rxd5
41. Rc7+ Kf6 42. Rxh7 Rxd6 43. h4 Rbd8 44. Ke2 R8d7 1/2-1/2

[Event "Chigorin Memorial"]
[Site "St Petersburg"]
[Date "2015.10.08"]
[Round "6.76"]
[White "Pustovidko, Anastasia"]
[Black "Selivanov, Ivan"]
[Result "0-1"]
[WhiteElo "2035"]
[BlackElo "2254"]
[PlyCount "110"]
[EventDate "2015.10.03"]
[EventRounds "9"]
[EventCountry "RUS"]

1. d4 Nf6 2. g3 c5 3. d5 e6 4. Nc3 d6 5. Bg2 e5 6. Nf3 Be7 7. O-O O-O 8. h3 Na6
9. Nh2 Nh5 10. e4 g6 11. Bh6 Re8 12. Qd2 Bf8 13. Be3 f5 14. g4 fxg4 15. hxg4
Nf6 16. f3 Bg7 17. Rf2 Bd7 18. a4 Nc7 19. Bf1 Rf8 20. Be2 b6 21. Nf1 h5 22. g5
Nh7 23. Rh2 a6 24. Ng3 b5 25. a5 Rf4 26. Bxf4 exf4 27. Qxf4 Be5 28. Qh4 Nxg5
29. Kg2 Bf6 30. Qf4 Nf7 31. Qd2 h4 32. Nf1 g5 33. Nd1 Be5 34. Rh1 h3+ 35. Kg1
g4 36. f4 g3 37. Nxg3 Qh4 38. Nh5 Bd4+ 39. Kh2 Kh8 40. Qe1 Rg8 41. Ng3 Nh6 42.
c3 Bg4 43. cxd4 Bxe2 44. Ne3 cxd4 45. Nef5 Nxf5 46. exf5 d3 47. Qf2 Nxd5 48.
Rhg1 Nf6 49. Qd4 Kh7 50. Nxe2 Ng4+ 51. Kh1 dxe2 52. Qxd6 h2 53. Rxg4 Qxg4 54.
Qd7+ Rg7 55. Qd5 Qg1+ 0-1

[Event "Chigorin Memorial"]
[Site "St Petersburg"]
[Date "2015.10.08"]
[Round "6.78"]
[White "Keadana, Amir"]
[Black "Chashchev, Sergey"]
[Result "0-1"]
[WhiteElo "1730"]
[BlackElo "2377"]
[PlyCount "52"]
[EventDate "2015.10.03"]
[EventRounds "9"]
[EventCountry "RUS"]

1. e4 c6 2. d4 Na6 3. Bxa6 bxa6 4. Nf3 g6 5. O-O Bg7 6. c4 Nh6 7. Nc3 O-O 8.
Re1 d6 9. h3 Rb8 10. b3 f6 11. Bxh6 Bxh6 12. e5 Qa5 13. Qd3 Bf5 14. Ne4 fxe5
15. dxe5 d5 16. cxd5 cxd5 17. Qc3 Qxc3 18. Nxc3 e6 19. Nd4 Bd2 20. Nxd5 exd5
21. Re2 Bc3 22. Rd1 Bxd4 23. Rxd4 Be6 24. f4 a5 25. g4 Rb4 26. Red2 Rxf4 0-1

[Event "Chigorin Memorial"]
[Site "St Petersburg"]
[Date "2015.10.08"]
[Round "6.79"]
[White "Chekhov, Sergei"]
[Black "Yudkevich, Mikhail"]
[Result "1-0"]
[WhiteElo "2488"]
[BlackElo "2154"]
[PlyCount "61"]
[EventDate "2015.10.03"]
[EventRounds "9"]
[EventCountry "RUS"]

1. e4 e6 2. d4 d5 3. Nc3 Bb4 4. e5 c5 5. Qg4 Ne7 6. dxc5 Nbc6 7. Bd2 O-O 8. Bd3
f6 9. exf6 Rxf6 10. Qh5 g6 11. Qg5 Qf8 12. O-O-O e5 13. Nf3 Bf5 14. Bxf5 Rxf5
15. Qh4 Bxc3 16. Bxc3 d4 17. Bd2 Nd5 18. Ng5 Qe7 19. Rhe1 Raf8 20. Qe4 Nc7 21.
f4 Qd8 22. Nh3 exf4 23. Nxf4 Re8 24. Qd3 Rxc5 25. Qb3+ Kh8 26. Qxb7 Rxe1 27.
Bxe1 Qd7 28. Bg3 Rb5 29. Qxc7 Qxc7 30. Nxg6+ hxg6 31. Bxc7 1-0

[Event "Chigorin Memorial"]
[Site "St Petersburg"]
[Date "2015.10.08"]
[Round "6.80"]
[White "Yanchenko, Roman"]
[Black "Svidinsky, Dmitry"]
[Result "1-0"]
[WhiteElo "2370"]
[BlackElo "2147"]
[PlyCount "89"]
[EventDate "2015.10.03"]
[EventRounds "9"]
[EventCountry "RUS"]

1. d4 d5 2. c4 c6 3. Nc3 Nf6 4. e3 g6 5. Nf3 Bg7 6. Bd3 O-O 7. h3 Nbd7 8. O-O
Qc7 9. cxd5 Nxd5 10. Nxd5 cxd5 11. Qb3 e6 12. Bd2 Nb8 13. Rfc1 Nc6 14. Bb5 Bd7
15. Ne1 Qb6 16. Bxc6 Bxc6 17. Qd1 Rfc8 18. a4 a5 19. Nd3 Bf8 20. h4 Qd8 21. g3
Be8 22. b3 b6 23. Rcb1 Qc7 24. Rb2 Bd6 25. Kg2 Qe7 26. b4 axb4 27. Bxb4 Rc4 28.
Bxd6 Qxd6 29. Rba2 Ra5 30. h5 f6 31. hxg6 Bxg6 32. Nf4 Be4+ 33. Kh2 Rc7 34. Qh5
Kg7 35. Qe8 Re7 36. Nh5+ Kh6 37. Qf8+ Kxh5 38. Qxf6 Raa7 39. f3 Bxf3 40. Qxf3+
Kg6 41. Rf2 h6 42. Qf8 e5 43. Raf1 Re6 44. Qf3 Rg7 45. Qf5# 1-0

[Event "Chigorin Memorial"]
[Site "St Petersburg"]
[Date "2015.10.08"]
[Round "6.81"]
[White "Azimov, Ilyas"]
[Black "Lokander, Martin"]
[Result "1-0"]
[WhiteElo "2140"]
[BlackElo "2369"]
[PlyCount "99"]
[EventDate "2015.10.03"]
[EventRounds "9"]
[EventCountry "RUS"]

1. e4 e5 2. Nf3 Nc6 3. Bb5 a6 4. Ba4 Nf6 5. O-O Be7 6. Re1 b5 7. Bb3 d6 8. c3
O-O 9. h3 Na5 10. Bc2 c5 11. d4 Nd7 12. Nbd2 exd4 13. cxd4 Nc6 14. Nf1 cxd4 15.
Nxd4 Nxd4 16. Qxd4 Ne5 17. Ne3 Bxh3 18. f4 Nc6 19. Qd1 Bc8 20. Nd5 Bb7 21. Be3
Bh4 22. Rf1 Ne7 23. Bb6 Qd7 24. Qh5 Qc6 25. Bd4 Nxd5 26. Qxh4 Qxc2 27. Qg4 g6
28. exd5 Qe4 29. Bf6 Bxd5 30. Rae1 Qc2 31. Rf2 h5 32. Rxc2 hxg4 33. Kf2 Rac8
34. Rd2 Rc4 35. Kg3 g5 36. Rh1 gxf4+ 37. Kf2 g3+ 38. Ke1 Rc1+ 39. Rd1 Re8+ 40.
Kd2 Rc2+ 41. Kxc2 Be4+ 42. Kb3 Bh7 43. Rxd6 a5 44. a4 f3 45. gxf3 bxa4+ 46.
Kxa4 g2 47. Rg1 Bc2+ 48. Ka3 Re2 49. Bc3 Rf2 50. Rd2 1-0

[Event "Chigorin Memorial"]
[Site "St Petersburg"]
[Date "2015.10.08"]
[Round "6.82"]
[White "Gubajdullin, Alexei"]
[Black "Ivanov, Rostislav"]
[Result "1-0"]
[WhiteElo "2359"]
[BlackElo "2134"]
[PlyCount "65"]
[EventDate "2015.10.03"]
[EventRounds "9"]
[EventCountry "RUS"]

1. Nf3 Nf6 2. e3 g6 3. b4 Bg7 4. Bb2 O-O 5. c4 d6 6. Nc3 Nbd7 7. Be2 c5 8. b5
b6 9. d4 Re8 10. d5 h6 11. O-O Nf8 12. a4 Qc7 13. a5 Bb7 14. Ra2 e6 15. Qa1 e5
16. e4 g5 17. Nd2 Ng6 18. g3 Rf8 19. Nd1 a6 20. axb6 Qxb6 21. Ne3 axb5 22. cxb5
Rxa2 23. Qxa2 Ra8 24. Qb3 Bf8 25. Ra1 Rxa1+ 26. Bxa1 Qc7 27. Qa4 Nd7 28. Ndc4
Ne7 29. Qa5 Qb8 30. Bg4 Nf6 31. Nxd6 Qxd6 32. Nc4 Qb8 33. Bxe5 1-0